000 00872nam a2200289 4500
003 EG-GICUC
005 20260306120754.0
008 260306s1908 -uk||||fr|||| 001 0 eng d
040 _aEG-GiCUC
_beng
_cEG-GiCUC
_dEG-GiCUC
_erda
041 0 _aeng
082 0 4 _221
_a341.6
_bHO . L
092 0 4 _221
099 _aLaw1 11 341.6 HO . L 1908
100 1 _aHolland, Thomas Erskine
_eAuthor.
245 1 4 _aThe law of war on land /
_cThomas Erskine Holland
264 1 _aLondon :
_bThe clarendon Press,
_c1908.
300 _a1149 pages ;
_c24 cm
336 _2rda content
_atext
337 _2rda media
_aComputer
338 _2rda carrier
_aOnline Resource
500 _aIncludes index.
546 _aText in English
650 1 4 _aPublic international law
856 4 0 _uhttps://fll.law.cu.edu.eg/fulltext/bks/B11-08734.pdf
905 _a30
942 _2ddc
_cBK
_e21
_n0
999 _c65215
_d65215